Undercover : (Record no. 13930)
[ view plain ]
| 000 -LEADER | |
|---|---|
| fixed length control field | 01322cam a2200349 a 4500 |
| 001 - CONTROL NUMBER | |
| control field | 15042066 |
| 005 - DATE AND TIME OF LATEST TRANSACTION | |
| control field | 20170105102842.0 |
| 008 - FIXED-LENGTH DATA ELEMENTS--GENERAL INFORMATION | |
| fixed length control field | 071012s2008 nyu b 001 0 eng |
| 010 ## - LIBRARY OF CONGRESS CONTROL NUMBER | |
| LC control number | 2007042359 |
| 020 ## - INTERNATIONAL STANDARD BOOK NUMBER | |
| International Standard Book Number | 9780814474501 |
| 020 ## - INTERNATIONAL STANDARD BOOK NUMBER | |
| International Standard Book Number | 0814474500 |
| 035 ## - SYSTEM CONTROL NUMBER | |
| System control number | (OCoLC)ocn176648861 |
| 035 ## - SYSTEM CONTROL NUMBER | |
| System control number | (OCoLC)176648861 |
| 040 ## - CATALOGING SOURCE | |
| Original cataloging agency | DLC |
| Transcribing agency | DLC |
| Modifying agency | BTCTA |
| -- | BAKER |
| -- | YDXCP |
| -- | C#P |
| -- | DLC |
| 043 ## - GEOGRAPHIC AREA CODE | |
| Geographic area code | n-us-fl |
| 050 00 - LIBRARY OF CONGRESS CALL NUMBER | |
| Classification number | HV6698.F6 |
| Item number | S35 2008 |
| 082 00 - DEWEY DECIMAL CLASSIFICATION NUMBER | |
| Classification number | 364.16/3 |
| Edition number | 22 |
| 100 1# - MAIN ENTRY--PERSONAL NAME | |
| Personal name | Schilling, John W. |
| 245 10 - TITLE STATEMENT | |
| Title | Undercover : |
| Remainder of title | how I went from company man to FBI spy--and exposed the worst healthcare fraud in U.S. history / |
| Statement of responsibility, etc. | John W. Schilling. |
| 260 ## - PUBLICATION, DISTRIBUTION, ETC. | |
| Place of publication, distribution, etc. | New York : |
| Name of publisher, distributor, etc. | American Management Association, |
| Date of publication, distribution, etc. | c2008. |
| 300 ## - PHYSICAL DESCRIPTION | |
| Extent | xiii, 288 p. ; |
| Dimensions | 24 cm. |
| 504 ## - BIBLIOGRAPHY, ETC. NOTE | |
| Bibliography, etc. note | Includes bibliographical references and index. |
| 600 10 - SUBJECT ADDED ENTRY--PERSONAL NAME | |
| Personal name | Schilling, John W. |
| 610 20 - SUBJECT ADDED ENTRY--CORPORATE NAME | |
| Corporate name or jurisdiction name as entry element | Columbia/HCA Healthcare Corporation |
| General subdivision | Corrupt practices. |
| 650 #0 - SUBJECT ADDED ENTRY--TOPICAL TERM | |
| Topical term or geographic name entry element | Fraud investigation |
| Geographic subdivision | Florida. |
| 650 #0 - SUBJECT ADDED ENTRY--TOPICAL TERM | |
| Topical term or geographic name entry element | Medicare fraud |
| Geographic subdivision | Florida. |
| 650 #0 - SUBJECT ADDED ENTRY--TOPICAL TERM | |
| Topical term or geographic name entry element | Whistle blowing |
| Geographic subdivision | Florida. |
| 856 41 - ELECTRONIC LOCATION AND ACCESS | |
| Materials specified | Table of contents only |
| Uniform Resource Identifier | <a href="http://www.loc.gov/catdir/toc/ecip082/2007042359.html">http://www.loc.gov/catdir/toc/ecip082/2007042359.html</a> |
| 906 ## - LOCAL DATA ELEMENT F, LDF (RLIN) | |
| a | 7 |
| b | cbc |
| c | orignew |
| d | 1 |
| e | ecip |
| f | 20 |
| g | y-gencatlg |
| 942 ## - ADDED ENTRY ELEMENTS (KOHA) | |
| Source of classification or shelving scheme | |
| Koha item type | Book |
| Withdrawn status | Lost status | Damaged status | Not for loan | Collection code | Permanent Location | Current Location | Shelving location | Date acquired | Total Checkouts | Full call number | Barcode | Date last seen | Price effective from | Koha item type |
|---|---|---|---|---|---|---|---|---|---|---|---|---|---|---|
| Centre for International Peace & Stability (CIPS) | Centre for International Peace & Stability (CIPS) | General Stacks | 08/02/2013 | 364.163 SCH 2008 | CIPS0000222 | 08/05/2013 | 08/05/2013 | Book |
